Top 25 państw według rankingu Fifa (23.04.23r.) - Statystyki

Ogólne statystyki
  • Ten quiz został rozwiązany 1 934 razy
    991 od ostatniego zresetowania
  • Średni wynik to 17 z 25
Statystyki odpowiedzi
ranking Kraj % Poprawnych
1 Argentyna
98%
23 Polska
97%
2 Francja
96%
3 Brazylia
95%
14 Niemcy
90%
10 Hiszpania
88%
9 Portugalia
88%
5 Anglia
87%
4 Belgia
82%
6 Holandia
78%
8 Włochy
78%
13 Stany Zjednoczone
74%
7 Chorwacja
73%
11 Maroko
68%
15 Meksyk
64%
20 Japonia
62%
16 Urugwaj
62%
22 Szwecja
61%
17 Kolumbia
54%
19 Dania
52%
12 Szwajcaria
52%
18 Senegal
45%
25 Serbia
36%
21 Peru
32%
24 Iran
24%
Nie znaleziono quizów pasujących do podanych kryteriów
Rozkład punktacji
Procent ludzi z każdym wynikiem
Percentyl według liczby udzielonych odpowiedzi
Twoja historia wyników
Nie rozwiązałeś tego quizu od ostatniego zresetowania